Goya : χαράκτης της Εθνικής Πινακοθήκης : "ο ύπνος της λογικής γεννά τέρατα"
Αποθηκεύτηκε σε:
| Άλλοι συγγραφείς: | |
|---|---|
| Μορφή: | Βιβλίο |
| Γλώσσα: | Greek |
| Δημοσίευση: |
Αθήνα :
Εθνική Πινακοθήκη και Μουσείο Αλεξάνδρου Σούτζου,
c2008.
|
| Θέματα: | |
| Ετικέτες: |
Προσθήκη ετικέτας
Δεν υπάρχουν, Καταχωρήστε ετικέτα πρώτοι!
|
MARC
| LEADER | 00000cam a2200000 i 4500 | ||
|---|---|---|---|
| 001 | 1/57256 | ||
| 008 | 140930s2008 gr | ||| |||| ||gre|| | ||
| 020 | |a 9789607791399 | ||
| 035 | |l 10119318 | ||
| 040 | |a GR-MyUa |b gre |e AACR2 | ||
| 041 | 0 | |a gre | |
| 082 | 7 | |a 700.92 |2 (23) | |
| 245 | 1 | 0 | |a Goya : |b χαράκτης της Εθνικής Πινακοθήκης : "ο ύπνος της λογικής γεννά τέρατα" / |c επιμέλεια Μαριλένα Ζ. Κασιμάτη. |
| 260 | |a Αθήνα : |b Εθνική Πινακοθήκη και Μουσείο Αλεξάνδρου Σούτζου, |c c2008. | ||
| 300 | |a 275 σ. : |b εικ. ; |c 28 εκ. | ||
| 500 | |a Κατάλογος έκθεσης Αθήνα, Εθνική Πινακοθήκη και Μουσείο Αλεξάνδρου Σούτζου, 25 Ιου. - 20 Οκτ. 2008. | ||
| 504 | |a Βιβλιογραφία: σ. 273. | ||
| 505 | 8 | |a Los caprichos / Τα καπρίτσια --Los desastres de la guerra / Τα δεινά του πολέμου -- Tauromaquia / Ταυρομαχία --Disparates-Los proverbios / Τρέλες-Οι παροιμίες. | |
| 600 | 1 | 0 | |a Goya, Francisco, |d 1746-1828 |x Exhibitions. |
| 700 | 1 | |a Κασιμάτη, Μαριλένα Ζ. |e edtf | |
| 852 | |a INST |b SYROS |e 20140930 |h 700.92 GOY |p 005500012443 |q 005500012443 |t BK |y 0 | ||
| 901 | |a BIBL5-2014-3 | ||
| 922 | |a 5ΕΛΗ |b 201407 |c Βιβλιοθήκη |d Π. Ιωαννιίδου | ||
| 970 | |a Κοντού |b Παρασκευή |z 30/09/2014 | ||